| 000 | 00752cab a2200217 4500 | ||
|---|---|---|---|
| 001 | ABS47354 | ||
| 008 | 090401t1992 xxu||||| |||| 00| 0 eng d | ||
| 035 | _a(Sirsi) u61720 | ||
| 041 | _aeng | ||
| 100 | _aRodwell, J. | ||
| 245 | _aClassified information | ||
| 260 | _c1992 | ||
| 350 | _a0 | ||
| 490 |
_aLandscape Design _v(214) October 1992, 14-16(3) |
||
| 520 | _aDescribes the National Vegetation Classification, widely accepted as a standard for the description and assessment of vegetation resources in Britain and likely to have a major influence on landscape management and design. | ||
| 650 | _aLANDSCAPE MANAGEMENT | ||
| 650 | _aNATIONAL VEGETATION CLASSIFICATION | ||
| 690 | _aRURAL PRACTICE | ||
| 942 | _n0 | ||
| 948 | _c04/03/1997 | ||
| 999 |
_c38280 _d38280 |
||